000 01056nam a2200229 u 4500
001 000565210
003 AM-YeHGA
005 20250617140532.0
008 080130s1979 r 000 0 rus d
040 _aAM-YeHGA
041 0 _arus
100 1 _aРыжов, Эдуард Вячеславович
245 0 0 _aКачество поверхности при алмазно-абразивной обработке /
_cЭ.В. Рыжов, А.А. Сагарда, В.Б. Ильицкий, И.Х. Чеповецкий ; Под ред. А.А. Сагарады.
260 _aКиев :
_bНаукова Думка,
_c1979.
300 _a244 с. :
_bил. 63, табл. 59.
504 _aБиблиогр. 65 назв.
650 1 4 _aАбразивы. Шлифующие и полирующие материалы
700 1 _aИльицкий, Валерий Борисович
700 1 _aЧеповецкий, Израиль Хананович
700 1 _aСагарада, Антон Александрович
_eред.
_4edt
090 _c223303
999 _c221769
_d221769